000 00452nam a2200193Ia 4500
008 101110s9999 xx 000 0 und d
041 _aENGLISH
082 _bSR6036
_a657
100 _aShukla, Grewal
245 _aAdvanced Accounts 6 ed.
365 _b25
520 _aCommerce
546 _aENGLISH
630 _aAdvanced Accounts 6 ed.
650 _aCommerce
655 _aCommerce
730 _aAdvanced Accounts 6 ed.
942 _cBOOK
999 _c801974
_d801971